Las epístolas de San Pablo
Guardat en:
| Autor principal: | |
|---|---|
| Format: | Llibre |
| Idioma: | espanyol |
| Publicat: |
Barcelona
Balmes
1959
|
| Edició: | 4a. ed |
| Matèries: | |
| Etiquetes: |
Afegir etiqueta
Sense etiquetes, Sigues el primer a etiquetar aquest registre!
|
MARC
| LEADER | 00000nam a2200000 a 4500 | ||
|---|---|---|---|
| 001 | UCL2117 | ||
| 003 | CL-VaPUC | ||
| 008 | 031010e19590000SP |||||||||||||||||spa|d | ||
| 082 | 0 | 4 | |a 227 |b BOV |2 21 |
| 100 | |a Bover, José María |e author |9 476510 | ||
| 245 | 1 | 4 | |a Las epístolas de San Pablo |
| 250 | |a 4a. ed | ||
| 300 | |a 628 p | ||
| 942 | |c BK | ||
| 945 | |d 20031010 00:00:00 |a vberengu | ||
| 260 | |a Barcelona |b Balmes |c 1959 | ||
| 600 | 0 | |a Pablo de Tarso, Santo |9 321163 | |
| 650 | 0 | |a Epístolas |9 321181 | |
| 583 | |a last modification |c 20031010 00:00:00 |k Rodrigo Vera | ||
| 999 | |c 305477 |d 305475 | ||
| 952 | |0 0 |1 0 |4 0 |6 227_000000000000000_BOV_1959 |7 0 |8 A |9 369392 |a BIBTEO |b BIBTEO |d 2019-11-21 |i 207978K |o 227 BOV 1959 |p 207978K |r 2025-01-17 |w 2019-11-21 |y BK |k ICR | ||
| 952 | |0 0 |1 0 |4 0 |6 227_000000000000000_BOV_1959 |7 0 |8 A |9 369393 |a BIBTEO |b BIBTEO |d 2019-11-21 |i 2079798 |o 227 BOV 1959 |p 2079798 |r 2025-01-17 |w 2019-11-21 |y BK |k ICR | ||